000 00680cam a2200253ua 4500
001 9642
005 20260515114514.0
008 160311n ii |||gr||||Z||||||asm
020 _a9789382750222
040 _cMAIN
041 _aasm
082 _a330.954
100 _aMachey, Ashwini,
_eAuthor.
245 1 _aBharatiya arthanitir alushya bisoi
_cby Ashwini Machey and others
250 _a1st ed.
260 _aDibrugarh:
_bBanalata,
_c2014.
300 _a262p.
653 _aEconomics
653 _aIndian economy
700 _aBuragohain, Pranjal Pratim,
_eAuthor.
700 _aNeog, Brajen Chandra,
_eAuthor.
700 _aLahon, Ratul Kumar,
_eAuthor.
942 _cBK
999 _c8662
_d8662